Представление документа в формате RUSMARC

ПолеНазваниеЗначение
  Тип записи a
  Библиографический уровень m
001 Контрольный номер 44d01f6433f744b0a1be51b678d46665
005 Дата корректировки 20160311102650.8
010 Индекс ISBN __
a ISBN 5-9558-0036-0
101 Язык документа 0_
a Язык текста rus
102 Страна публикации __
a Страна публикации RU
200 Заглавие и сведения об ответственности 1_
a Заглавие Организация и регулирование оплаты труда
e Сведения, относящиеся к заглавию учеб. пособие для вузов
f Первые сведения об ответственности В. В. Пуляшкин [и др.] ; ред. М. Е. Сорокина
210 Выходные данные 1_
c Издательство Вузовский учебник
a Место издания М.
d Дата издания 2006
215 Физическое описание __
a Объем 271, [1] с.
300 Общие примечания __
a Общие примечания гриф УМО
610 Ключевые слова 0_
a Ключевые слова гриф умо
a Ключевые слова оплата труда
a Ключевые слова заработная плата
a Ключевые слова тарифная система
a Ключевые слова надтарифная система
a Ключевые слова регулирование заработной платы
a Ключевые слова анализ заработной платы
686 Индексы других классификаций __
a Классификационный индекс 65.9(2)245я73
2 Код системы rubbk
701 Альтернативная интеллектуальная ответственность _1
a Фамилия Пуляшкин
b Имя В. В.
701 Альтернативная интеллектуальная ответственность _1
a Фамилия Смирнова
b Имя М. Е.
701 Альтернативная интеллектуальная ответственность _1
a Фамилия Сорокина
b Имя М. Е.
701 Альтернативная интеллектуальная ответственность _1
a Фамилия Федченко
b Имя А. А.
702 Вторичная интеллектуальная ответственность _1
u 2
a Фамилия Сорокина
b Имя М. Е.
4 Код отношения 340
801 Источник записи _0
a Страна RU
b Организация РУК
c Дата составления 20061129
g Правила каталогизации PSBO
801 Источник записи _1
a Страна RU
b Организация РУК
c Дата составления 20061129
g Правила каталогизации PSBO
852 Данные о местонахождении __
j Шифр хранения ББК 65.9(2)24
i Авторский знак О-64
901 Тип документа __
t Тип документа m
938 Служебная информация __
a Название организации Головной вуз
b Имя БД BOOK
c Название АИБС АИБС ИРБИС
938 Служебная информация __
a Название организации Владимирский филиал
952 Тип литературы __
b Гриф литературы для ВШ гриф УМО